| 000 | 00339nam a22001217a 4500 | ||
|---|---|---|---|
| 008 | 180606b xxu||||| |||| 00| 0 eng d | ||
| 041 | _aeng | ||
| 080 | _a043.3 | ||
| 100 | _a0 | ||
| 101 | _aMBE-BTH | ||
| 245 |
_aAplikimi i perspektivave të menaxhmentit operacional në ndërmarrje të vogla dhe të mesme _cAbdullahu,Y |
||
| 942 |
_2udc _cBK |
||
| 999 |
_c46419 _d46419 |
||